000 00722nam a2200265Ia 4500
003 OSt
005 20221007110356.0
006 a|||||r|||| 00| 0
007 ta
008 221006b |||||||| |||| 00| 0 eng d
024 _a21,006
037 _cTextual
040 _aLCO
_cLCO
_beng
041 _2eng
_aeng
082 _aW, L2
100 _aSchwartz Bernard
245 0 _aLegal Control of Government
260 _aLondon
_bOxford University Press U.K.
_c1972
300 _a349
500 _aAdministrative Law in Britain and the United States
650 _aGOVERNMENT
_9702413
700 _a Wade H.W.R.
942 _hW, L2
_cTEXL
999 _c1190569
_d1190569